Stability of a single-chain Fv antibody fragment when exposed to a high shear environment combined with air-liquid interfaces /
Sparad:
| Huvudupphovsman: | |
|---|---|
| Övriga upphovsmän: | , |
| Materialtyp: | Artikel |
| Språk: | English |
| Ämnen: | |
| Taggar: |
Lägg till en tagg
Inga taggar, Lägg till första taggen!
|
| Thư viện lưu trữ: | Thư viện Trường Đại học Đà Lạt |
|---|
| LEADER | 00924nam a2200301 4500 | ||
|---|---|---|---|
| 001 | DLU090098196 | ||
| 005 | ##20091201 | ||
| 040 | # | # | |a DLU |b eng |
| 041 | # | # | |a eng |
| 044 | # | # | |a us |
| 100 | # | # | |a Harrison, J. S. |
| 245 | # | # | |a Stability of a single-chain Fv antibody fragment when exposed to a high shear environment combined with air-liquid interfaces / |c J. S. Harrison, A. Gill, M. Hoare. |
| 653 | # | # | |a Antibody fragments |
| 653 | # | # | |a Interface |
| 653 | # | # | |a Shear |
| 653 | # | # | |a Stability |
| 700 | # | # | |a Gill, A. |
| 700 | # | # | |a Hoare, M. |
| 773 | # | # | |t Biotechnology and Bioengineering |g Vol. 59, no. 4 (August 1998), p. 517-519 |
| 920 | # | # | |a Phòng Tạp chí -- Trung tâm Thông tin - Thư viện Trường Đại học Đà Lạt |
| 994 | # | # | |a DLU |
| 900 | # | # | |a True |
| 911 | # | # | |a Trương Bảo Trâm Anh |
| 925 | # | # | |a G |
| 926 | # | # | |a A |
| 927 | # | # | |a BB |
| 980 | # | # | |a Thư viện Trường Đại học Đà Lạt |